<?xml version="1.0" encoding="UTF-8"?>
<record
    xmlns:xsi="http://www.w3.org/2001/XMLSchema-instance"
    xsi:schemaLocation="http://www.loc.gov/MARC21/slim http://www.loc.gov/standards/marcxml/schema/MARC21slim.xsd"
    xmlns="http://www.loc.gov/MARC21/slim">

  <leader>01964nmm a22002534a 4500</leader>
  <controlfield tag="003">BOLpUSFA</controlfield>
  <controlfield tag="005">20201001011745.0</controlfield>
  <controlfield tag="008">      t        mx     gq  d z      spa u</controlfield>
  <datafield tag="041" ind1=" " ind2=" ">
    <subfield code="a">spa</subfield>
  </datafield>
  <datafield tag="044" ind1=" " ind2=" ">
    <subfield code="c">MX</subfield>
  </datafield>
  <datafield tag="245" ind1=" " ind2=" ">
    <subfield code="a">Desarrollo humano</subfield>
    <subfield code="h">[recurso electr&#xF3;nico]</subfield>
  </datafield>
  <datafield tag="250" ind1=" " ind2=" ">
    <subfield code="a">13a. ed.</subfield>
  </datafield>
  <datafield tag="260" ind1=" " ind2=" ">
    <subfield code="a">M&#xE9;xico D.F.: </subfield>
    <subfield code="b">McGraw-Hill, </subfield>
    <subfield code="c">2015.</subfield>
  </datafield>
  <datafield tag="300" ind1=" " ind2=" ">
    <subfield code="a">578 p.: </subfield>
    <subfield code="b">il.</subfield>
  </datafield>
  <datafield tag="520" ind1=" " ind2=" ">
    <subfield code="a">El libro contiene lo siguiente: :
Parte 1: Acerca del desarrollo humano 1. Estudio del desarrollo humano. 2. Teor&#xED;a e investigaci&#xF3;n 
Parte 2: Or&#xED;genes 3. Formaci&#xF3;n de una nueva vida. 4. Nacimiento y desarrollo f&#xED;sico en los primeros tres a&#xF1;os. 5. Desarrollo cognitivo en los primeros tres a&#xF1;os. 6. Desarrollo psicosocial en los primeros tres a&#xF1;os. 
Parte 3: Ni&#xF1;ez temprana 7. Desarrollo f&#xED;sico y cognoscitivo en la ni&#xF1;ez temprana. 8. Desarrollo psicosocial en la ni&#xF1;ez temprana. Parte 4: Ni&#xF1;ez media 9. Desarrollo f&#xED;sico y cognoscitivo en la ni&#xF1;ez media. 10. Desarrollo psicosocial en la ni&#xF1;ez media. 
Parte 5: Adolescencia 11. Desarrollo f&#xED;sico y cognoscitivo en la adolescencia. 12. Desarrollo psicosocial en la adolescencia. 
Parte 6: Adultez emergente y temprana 13. Desarrollo f&#xED;sico y cognoscitivo en la adultez emergente y temprana. 14. Desarrollo psicosocial en la adultez emergente y temprana. 
Parte 7: Adultez media 15. Desarrollo f&#xED;sico y cognoscitivo en la adultez media. 16. Desarrollo psicosocial en la adultez media. Parte 8: Adultez tard&#xED;a 17. Desarrollo f&#xED;sico y cognoscitivo en la adultez tard&#xED;a. 18. Desarrollo psicosocial en la adultez tard&#xED;a. 
Parte 9: El final de la vida 19. Manejo de la muerte y el duelo.</subfield>
  </datafield>
  <datafield tag="650" ind1=" " ind2=" ">
    <subfield code="a">Adolescencia</subfield>
  </datafield>
  <datafield tag="650" ind1=" " ind2=" ">
    <subfield code="a">Ni&#xF1;ez</subfield>
  </datafield>
  <datafield tag="650" ind1=" " ind2=" ">
    <subfield code="a">Desarrollo humano</subfield>
  </datafield>
  <datafield tag="650" ind1=" " ind2=" ">
    <subfield code="a">Estrategia de desarrollo</subfield>
  </datafield>
  <datafield tag="653" ind1=" " ind2=" ">
    <subfield code="a">Adultez</subfield>
  </datafield>
  <datafield tag="710" ind1=" " ind2=" ">
    <subfield code="b">Martorell, Gabriela </subfield>
  </datafield>
  <datafield tag="856" ind1=" " ind2=" ">
    <subfield code="u">http://biblioteca.usfa.edu.bo/cgi-bin/koha/opac-retrieve-file.pl?id=1407259bf9f20c3389b572277f38eaba</subfield>
  </datafield>
  <datafield tag="942" ind1=" " ind2=" ">
    <subfield code="c">DOCE</subfield>
    <subfield code="z">OPW</subfield>
    <subfield code="2">ddc</subfield>
  </datafield>
  <datafield tag="999" ind1=" " ind2=" ">
    <subfield code="c">3665</subfield>
    <subfield code="d">3665</subfield>
  </datafield>
</record>
